[Event "Arco op 31st"]
[Site "Arco"]
[Date "2009.10.24"]
[Round "8"]
[White "Barlotti, Gabriele"]
[Black "Stolfa, Rodolfo"]
[Result "1/2-1/2"]
[WhiteElo "1664"]
[BlackElo "1886"]
[PlyCount "80"]
[EventDate "2009.10.17"]
[EventType "swiss"]
[EventRounds "9"]
[EventCountry "ITA"]
[SourceTitle "EXT 2010"]
[Source "ChessBase"]
[SourceDate "2010.11.25"]
[SourceVersion "1"]
[SourceVersionDate "2010.11.25"]
[SourceQuality "1"]

1. d4 d5 2. c4 e6 3. Nc3 Nf6 4. Bg5 Nbd7 5. e3 Be7 6. Nf3 0-0 7. Bd3 h6 8. Bh4 Re8 9. 0-0 b6 10. cxd5 exd5 11. Rc1 Bb7 12. Nb5 c6 13. Nc3 c5 14. dxc5 Nxc5 15. Bb5 Rf8 16. Nd4 Qc8 17. b4 a6 18. Be2 Ncd7 19. Nxd5 Qd8 20. Nxe7+ Qxe7 21. Bxf6 Nxf6 22. a3 Nd5 23. Bf3 Rfd8 24. Qb3 Qg5 25. Rfd1 Rd6 26. Ne2 Rad8 27. Ng3 Qe5 28. Rd4 Ba8 29. Rcd1 Nc7 30. Rxd6 Rxd6 31. Rxd6 Qxd6 32. Bxa8 Nxa8 33. Qc2 Nc7 34. Ne4 Qd7 35. Qd2 Qc6 36. f3 Ne6 37. Qc3 Qa4 38. Qc8+ Kh7 39. Qc1 Qb3 40. Nc3 Kg8 1/2-1/2

[Event "Arco op 30th"]
[Site "Arco"]
[Date "2008.10.21"]
[Round "4"]
[White "Acunzo, Domenico"]
[Black "Barlotti, Gabriele"]
[Result "1-0"]
[WhiteElo "1797"]
[BlackElo "1686"]
[PlyCount "45"]
[EventDate "2008.10.18"]
[EventType "swiss"]
[EventRounds "9"]
[EventCountry "ITA"]
[SourceTitle "CBM 127 Extra"]
[Source "ChessBase"]
[SourceDate "2009.01.08"]
[SourceVersion "2"]
[SourceVersionDate "2009.01.28"]
[SourceQuality "1"]

1. e4 e6 2. d4 d5 3. Nc3 Nf6 4. Bg5 Be7 5. e5 Nfd7 6. h4 Bxg5 7. hxg5 c5 8. Nb5 cxd4 9. Nd6+ Kf8 10. f4 Qa5+ 11. Kf2 Nc6 12. g6 fxg6 13. Bd3 Ne7 14. Nf3 Nc5 15. Ng5 h6 16. Nf3 Nxd3+ 17. Qxd3 Nf5 18. Nh4 Nxh4 19. Rxh4 Qb6 20. Qxg6 Kg8 21. Qf7+ Kh7 22. Rah1 d3+ 23. Kf3 1-0

[Event "Croce di Magara op"]
[Site "Camigliatello"]
[Date "2005.09.10"]
[Round "2"]
[White "Levato, Biagio"]
[Black "Barlotti, Gabriele"]
[Result "0-1"]
[WhiteElo "1480"]
[BlackElo "1658"]
[PlyCount "108"]
[EventDate "2005.09.10"]
[EventType "swiss"]
[EventRounds "9"]
[EventCountry "ITA"]
[SourceTitle "EXT 2007"]
[Source "ChessBase"]
[SourceDate "2006.11.23"]
[SourceVersion "1"]
[SourceVersionDate "2006.11.23"]
[SourceQuality "1"]

1. Nf3 d5 2. g3 c5 3. Bg2 Nf6 4. 0-0 Nc6 5. d3 Bg4 6. Nbd2 Qd7 7. Qe1 e5 8. e4 d4 9. Nc4 Bd6 10. c3 0-0 11. a3 Rfe8 12. b4 cxb4 13. axb4 dxc3 14. b5 Nd4 15. Nxd4 exd4 16. f4 Bc7 17. Ba3 Be6 18. e5 Bd5 19. Qf2 Ng4 20. Qxd4 Rad8 21. Bxd5 Qxd5 22. Qxd5 Rxd5 23. h3 Nh6 24. Rf3 Rxb5 25. d4 c2 26. Bb2 Ba5 27. Kg2 Rc8 28. Nxa5 Rxb2 29. Rc1 b6 30. Nb3 a5 31. d5 a4 32. Na1 Nf5 33. Rd3 Ra2 34. d6 Rd8 35. Rc3 Nd4 36. Kf2 Rxa1 37. Rxa1 Nb3 38. d7 Kf8 39. Rxa4 c1Q 40. Rxc1 Nxc1 41. Rd4 Ke7 42. Rc4 Nd3+ 43. Ke3 Rxd7 44. Rc6 Nb4 45. Rc4 Nd5+ 46. Ke4 Nc7 47. f5 b5 48. Rc6 Nd5 49. g4 b4 50. g5 b3 51. f6+ gxf6 52. gxf6+ Kd8 53. e6 fxe6 54. Rxe6 b2 0-1